Statistics for Pixelated Canada Map

Click here to take the quiz!

General Stats

  • This quiz has been taken 349 times
  • The average score is 289 of 331

Answers on the Map

Answers color-coded by a green-red scale on the quiz's map according to % correct below.
 

Answer Stats

Provinces and territories% Correct
Ontario
96%
Quebec
94%
Alberta
91%
Newfoundland and Labrador
91%
British Columbia
90%
Yukon
89%
Northwest Territories
84%
Nunavut
84%
Manitoba
83%
Saskatchewan
82%
Nova Scotia
81%
New Brunswick
76%

Score Distribution

Percentile by Number Answered

Percent of People with Each Score

Your Score History

You have not taken this quiz